[Event "Bayern-ch (Women)"]
[Site "Bad Griesbach"]
[Date "2016.08.24"]
[Round "6"]
[White "Weiss, Monika"]
[Black "Manco, Michela"]
[Result "0-1"]
[WhiteElo "1618"]
[BlackElo "1635"]
[PlyCount "60"]
[EventDate "2016.08.21"]
[EventType "swiss"]
[EventRounds "9"]
[EventCountry "GER"]
[SourceTitle "EXT 2022"]
[Source "ChessBase"]
[SourceDate "2021.10.06"]
[SourceVersion "1"]
[SourceVersionDate "2021.10.06"]
[SourceQuality "1"]

1. e4 e5 2. f4 exf4 3. Nf3 g5 4. h4 f6 5. hxg5 fxg5 6. Ne5 Nf6 7. Bc4 Qe7 8. d4 Bg7 9. Nc3 d6 10. Nd5 Nxd5 11. Qh5+ Kf8 12. Bxd5 dxe5 13. dxe5 Bxe5 14. g3 c6 15. gxf4 gxf4 16. Qh6+ Qg7 17. Bxf4 Qxh6 18. Bxh6+ Ke8 19. Bc4 Bxb2 20. Rd1 Bg4 21. Rd3 Bf6 22. Rf1 Ke7 23. e5 Bh4+ 24. Kd2 Be6 25. Bxe6 Kxe6 26. Bg7 Rd8 27. Rxd8 Bxd8 28. Rf8 Nd7 29. Re8+ Kf7 30. Rh8 Kxg7 0-1

[Event "Bayern-ch (Women)"]
[Site "Bad Griesbach"]
[Date "2016.08.21"]
[Round "1"]
[White "Weiss, Monika"]
[Black "Roos, Karin"]
[Result "0-1"]
[WhiteElo "1618"]
[BlackElo "1811"]
[PlyCount "60"]
[EventDate "2016.08.21"]
[EventType "swiss"]
[EventRounds "9"]
[EventCountry "GER"]
[SourceTitle "EXT 2022"]
[Source "ChessBase"]
[SourceDate "2021.10.06"]
[SourceVersion "1"]
[SourceVersionDate "2021.10.06"]
[SourceQuality "1"]

1. e4 d6 2. d4 Nf6 3. Nc3 g6 4. Bd3 Bg7 5. Nge2 0-0 6. 0-0 Nc6 7. f3 Nb4 8. Bc4 a5 9. a3 Na6 10. Be3 c6 11. Qd2 b5 12. Bd3 b4 13. Na4 Bd7 14. Bxa6 Rxa6 15. axb4 axb4 16. Qxb4 Qc7 17. Qc4 Rfa8 18. Nec3 Qb8 19. Ra2 Be6 20. d5 cxd5 21. exd5 Nxd5 22. Nxd5 Bxd5 23. Qxd5 Rxa4 24. Rxa4 Rxa4 25. b3 e6 26. Qc6 Ra2 27. Rd1 d5 28. Kf2 Qxb3 29. Qc8+ Bf8 30. Bh6 Rxc2+ 0-1

[Event "Bayern-ch (Women)"]
[Site "Rosenheim"]
[Date "2015.08.22"]
[Round "1"]
[White "Weiss, Monika"]
[Black "Milak, Adela"]
[Result "1/2-1/2"]
[WhiteElo "1633"]
[BlackElo "1659"]
[PlyCount "117"]
[EventDate "2015.08.22"]
[EventType "tourn"]
[EventRounds "9"]
[EventCountry "GER"]
[SourceTitle "EXT 2019"]
[Source "ChessBase"]
[SourceDate "2018.10.10"]
[SourceVersion "1"]
[SourceVersionDate "2018.10.10"]
[SourceQuality "1"]

1. e4 e5 2. f4 exf4 3. Nf3 Nf6 4. e5 Nd5 5. Bc4 c6 6. Bxd5 cxd5 7. d4 g5 8. 0-0 b6 9. Nc3 Ba6 10. Rf2 Bg7 11. Nxd5 Rg8 12. Bd2 Nc6 13. Nb4 Bb7 14. Nxc6 dxc6 15. Bb4 Bf8 16. Bxf8 Kxf8 17. Qd3 Rg6 18. c4 Qd7 19. h4 h6 20. hxg5 hxg5 21. Nh2 Re8 22. Qa3+ Re7 23. Qxa7 Qxd4 24. Qb8+ Kg7 25. Ng4 Qxc4 26. Nf6 Rxf6 27. exf6+ Kxf6 28. Qh8+ Kg6 29. Qg8+ Kf6 30. Qh7 Qe4 31. Qh6+ Qg6 32. Qh8+ Qg7 33. Qd8 Kg6 34. Qxe7 Ba6 35. Qe4+ Kh5 36. Rf3 Bc8 37. Qxc6 Bg4 38. Rb3 Qd4+ 39. Kh2 f3 40. gxf3 Qf2+ 41. Kh1 Qh4+ 42. Kg1 Bh3 43. Qd6 Qc4 44. Rxb6 Be6 45. Qh2+ Kg6 46. Qf2 g4 47. fxg4 Kg7 48. b3 Qc3 49. g5 Qxa1+ 50. Kg2 Bd5+ 51. Kg3 Qe5+ 52. Kh4 Qe4+ 53. Kg3 Qe5+ 54. Qf4 Qe1+ 55. Qf2 Qe5+ 56. Kh4 Qe4+ 57. Kg3 Qe5+ 58. Kh4 Qe4+ 59. Kg3 1/2-1/2

[Event "Nittenau-ch 13th"]
[Site "Nittenau"]
[Date "2013.09.15"]
[Round "4"]
[White "Weiss, Monika"]
[Black "Albrecht, Andreas"]
[Result "1/2-1/2"]
[WhiteElo "1413"]
[BlackElo "1708"]
[PlyCount "59"]
[EventDate "2013.09.13"]
[EventType "swiss"]
[EventRounds "5"]
[EventCountry "GER"]
[SourceTitle "EXT 2022"]
[Source "ChessBase"]
[SourceDate "2021.10.06"]
[SourceVersion "1"]
[SourceVersionDate "2021.10.06"]
[SourceQuality "1"]

1. e4 d5 2. exd5 Nf6 3. Bb5+ Bd7 4. Bxd7+ Qxd7 5. Nf3 Nxd5 6. 0-0 e6 7. d3 Nc6 8. Nbd2 Bc5 9. Ne4 Bb6 10. a3 h6 11. c4 Nf6 12. Nxf6+ gxf6 13. Be3 Nd4 14. Bxd4 Bxd4 15. Nxd4 Qxd4 16. Qc2 0-0-0 17. Rad1 Rd6 18. Rd2 e5 19. Qc3 Rhd8 20. Qxd4 Rxd4 21. Rfd1 Kd7 22. f3 Ke6 23. Kf2 f5 24. Ke3 f4+ 25. Kf2 f5 26. Ke1 Kf6 27. b3 a5 28. a4 Ke6 29. Ke2 h5 30. Rc1 1/2-1/2

[Event "Bayern-ch (Women) 82nd"]
[Site "Regensburg"]
[Date "2011.08.28"]
[Round "9"]
[White "Weiss, Monika"]
[Black "Schaefer, Ann Kathrin"]
[Result "0-1"]
[WhiteElo "1454"]
[BlackElo "1635"]
[PlyCount "48"]
[EventDate "2011.08.20"]
[EventType "swiss"]
[EventRounds "9"]
[EventCountry "GER"]
[SourceTitle "EXT 2015"]
[Source "ChessBase"]
[SourceDate "2014.11.20"]
[SourceVersion "1"]
[SourceVersionDate "2014.11.20"]
[SourceQuality "1"]

1. e4 e6 2. d4 d5 3. e5 c5 4. c3 Nc6 5. Nf3 Qb6 6. Bd3 Bd7 7. Bc2 f6 8. exf6 Nxf6 9. dxc5 Bxc5 10. 0-0 0-0 11. b4 Bd6 12. Bg5 Qc7 13. Nbd2 Rac8 14. Bxf6 Rxf6 15. Bxh7+ Kxh7 16. Ng5+ Kg8 17. Qh5 Rh6 18. Qf7+ Kh8 19. Nxe6 Bxh2+ 20. Kh1 Bxe6 21. Qxc7 Bxc7+ 22. Kg1 Bh2+ 23. Kh1 Bf4+ 24. Kg1 Bxd2 0-1

[Event "Bayern-ch (Women) 82nd"]
[Site "Regensburg"]
[Date "2011.08.22"]
[Round "3"]
[White "Lorenz, Oda"]
[Black "Weiss, Monika"]
[Result "1-0"]
[WhiteElo "1715"]
[BlackElo "1454"]
[PlyCount "120"]
[EventDate "2011.08.20"]
[EventType "swiss"]
[EventRounds "9"]
[EventCountry "GER"]
[SourceTitle "EXT 2015"]
[Source "ChessBase"]
[SourceDate "2014.11.20"]
[SourceVersion "1"]
[SourceVersionDate "2014.11.20"]
[SourceQuality "1"]

1. e4 d6 2. d4 Nf6 3. Nc3 g6 4. Be2 Bg7 5. g4 h5 6. g5 Nfd7 7. Be3 e5 8. h4 Nc6 9. Nf3 exd4 10. Nxd4 Nde5 11. Nxc6 Nxc6 12. Qd2 Ne5 13. f4 Ng4 14. Bd4 Bxd4 15. Qxd4 0-0 16. 0-0-0 a6 17. Nd5 f5 18. Bc4 Kh7 19. e5 c6 20. Nf6+ Nxf6 21. exf6 d5 22. Rhe1 Rf7 23. Re5 Qf8 24. Be2 Bd7 25. Re1 Re8 26. Qd1 Rxe5 27. fxe5 Kg8 28. c3 Rh7 29. Bd3 Be6 30. Rf1 b5 31. Rf4 c5 32. b3 Rb7 33. Be2 Qf7 34. Qg1 Qf8 35. Kb2 Kf7 36. Qd1 Ke8 37. Bxh5 gxh5 38. Qxh5+ Kd7 39. g6 Kc6 40. Qg5 Qb8 41. f7 Qf8 42. Qf6 Kd7 43. h5 Rb8 44. Qg5 Qg7 45. h6 Qxe5 46. g7 Qe2+ 47. Ka3 Bxf7 48. h7 b4+ 49. cxb4 cxb4+ 50. Rxb4 Rxb4 51. Kxb4 Qb5+ 52. Kc3 Qc5+ 53. Kd2 Qf2+ 54. Kd3 Qf1+ 55. Kd4 Qd1+ 56. Ke5 Qe2+ 57. Kd4 Qd1+ 58. Kc3 d4+ 59. Kb2 Qe2+ 60. Ka3 d3 1-0

[Event "Bayern-ch (Women) 82nd"]
[Site "Regensburg"]
[Date "2011.08.21"]
[Round "2"]
[White "Weiss, Monika"]
[Black "Zwetz, Anita"]
[Result "0-1"]
[WhiteElo "1454"]
[BlackElo "1728"]
[PlyCount "58"]
[EventDate "2011.08.20"]
[EventType "swiss"]
[EventRounds "9"]
[EventCountry "GER"]
[SourceTitle "EXT 2015"]
[Source "ChessBase"]
[SourceDate "2014.11.20"]
[SourceVersion "1"]
[SourceVersionDate "2014.11.20"]
[SourceQuality "1"]

1. e4 e6 2. d4 d5 3. e5 c5 4. c3 Nc6 5. Nf3 Bd7 6. a3 Rc8 7. Bd3 cxd4 8. cxd4 Qb6 9. Bc2 g5 10. Nc3 Nxd4 11. Nxd4 Bc5 12. Na4 Bxa4 13. Bxa4+ Kf8 14. Be3 Qxb2 15. Nxe6+ fxe6 16. 0-0 Qxe5 17. Rc1 b6 18. Re1 Qf6 19. Bxc5+ Rxc5 20. Rxc5 bxc5 21. Qh5 Ne7 22. Bd7 e5 23. Re3 e4 24. h4 h6 25. f3 Kg7 26. fxe4 Qa1+ 27. Kh2 Qe5+ 28. Kh3 Ng6 29. Bf5 Nf4+ 0-1

[Event "Bayern-ch (Women) 81st"]
[Site "Bad Koenigshofen"]
[Date "2010.08.28"]
[Round "8"]
[White "Gremer, Kathrin"]
[Black "Weiss, Monika"]
[Result "0-1"]
[WhiteElo "1680"]
[BlackElo "1500"]
[PlyCount "144"]
[EventDate "2010.08.22"]
[EventType "swiss"]
[EventRounds "9"]
[EventCountry "GER"]
[SourceTitle "EXT 2015"]
[Source "ChessBase"]
[SourceDate "2014.11.20"]
[SourceVersion "1"]
[SourceVersionDate "2014.11.20"]
[SourceQuality "1"]

1. e4 d6 2. d4 Nf6 3. Nc3 g6 4. Nf3 Bg7 5. Bc4 0-0 6. 0-0 c6 7. Re1 b5 8. Bb3 a5 9. a3 Bg4 10. h3 Bxf3 11. Qxf3 e5 12. d5 Qb6 13. dxc6 Nxc6 14. Be3 Qb7 15. Rad1 Ne8 16. Nd5 a4 17. Ba2 Na5 18. Bd2 Nc4 19. Bxc4 bxc4 20. Bb4 Ra6 21. Re2 f5 22. exf5 Qd7 23. f6 Bxf6 24. Nxf6+ Nxf6 25. Qc3 Qc6 26. Red2 Ne4 27. Qe3 Nxd2 28. Qxd2 Rd8 29. Qe2 Ra7 30. Bc3 Re8 31. Qd2 Re6 32. Qe3 Rd7 33. f4 Rde7 34. Kh2 exf4 35. Qxf4 d5 36. Rf1 Qc7 37. Qxc7 Rxc7 38. Rd1 Rd7 39. Rd2 Re4 40. Kg3 d4 41. Bb4 Re3+ 42. Kf2 Rf7+ 43. Kg1 d3 44. cxd3 cxd3 45. Bc3 Kf8 46. Bd4 Re1+ 47. Kh2 Ke8 48. Rxd3 Rd7 49. Re3+ Rxe3 50. Bxe3 Rb7 51. Bd4 Kd7 52. Kg3 Kd6 53. Bc3 Kc5 54. Kg4 Kc4 55. Kg5 Kd3 56. g3 Kc2 57. Kh6 Rxb2 58. Bxb2 Kxb2 59. Kxh7 Kxa3 60. Kxg6 Kb3 61. h4 a3 62. h5 a2 63. h6 a1Q 64. g4 Qa6+ 65. Kg7 Qb7+ 66. Kg6 Qe4+ 67. Kh5 Qe8+ 68. Kg5 Qf7 69. Kh4 Qg6 70. g5 Kc4 71. Kg4 Kd4 72. Kf4 Kd5 0-1

[Event "Oberpfalz-ch M2"]
[Site "Roding"]
[Date "2010.03.29"]
[Round "5"]
[White "Noeckler, Alexander"]
[Black "Weiss, Monika"]
[Result "1-0"]
[WhiteElo "1798"]
[BlackElo "1489"]
[PlyCount "65"]
[EventDate "2010.03.27"]
[EventType "swiss"]
[EventRounds "8"]
[EventCountry "GER"]
[SourceTitle "EXT 2012"]
[Source "ChessBase"]
[SourceDate "2011.11.24"]
[SourceVersion "1"]
[SourceVersionDate "2011.11.24"]
[SourceQuality "1"]

1. c4 e5 2. Nc3 Bb4 3. Qb3 Bxc3 4. Qxc3 d6 5. Qg3 g6 6. f4 e4 7. d3 exd3 8. Qxd3 Be6 9. Bd2 Ne7 10. Bc3 Rf8 11. Nf3 f5 12. Ng5 Bg8 13. Bg7 Qd7 14. e4 fxe4 15. Qxe4 d5 16. cxd5 Bxd5 17. Qe3 Rg8 18. Bf6 h6 19. Nh7 Kf7 20. Bc3 Qe6 21. Qxe6+ Bxe6 22. Nf6 Rd8 23. Be2 Nd5 24. Nxd5 Bxd5 25. 0-0 Nc6 26. f5 Be4 27. fxg6+ Kxg6 28. Rf6+ Kh7 29. Rf7+ Kg6 30. Raf1 Nd4 31. R1f6+ Kg5 32. Bd2+ Kh4 33. Rf4+ 1-0

[Event "Oberpfalz-ch M2"]
[Site "Roding"]
[Date "2010.03.28"]
[Round "4"]
[White "Weiss, Monika"]
[Black "Bauer, Tobias"]
[Result "0-1"]
[WhiteElo "1489"]
[BlackElo "1694"]
[PlyCount "49"]
[EventDate "2010.03.27"]
[EventType "swiss"]
[EventRounds "8"]
[EventCountry "GER"]
[SourceTitle "EXT 2012"]
[Source "ChessBase"]
[SourceDate "2011.11.24"]
[SourceVersion "1"]
[SourceVersionDate "2011.11.24"]
[SourceQuality "1"]

1. e4 c5 2. c3 e6 3. d4 cxd4 4. cxd4 g6 5. e5 Nh6 6. Bd3 f6 7. Nf3 Nf7 8. exf6 Qxf6 9. Nc3 d5 10. Nb5 Na6 11. 0-0 Be7 12. Bd2 0-0 13. Re1 Bd7 14. Ne5 Nxe5 15. dxe5 Qxf2+ 16. Kh1 Nc5 17. Bc3 Bxb5 18. Bxb5 Ne4 19. Bd4 Qh4 20. Kg1 Bg5 21. Qe2 Bf4 22. g3 Bxg3 23. hxg3 Nxg3 24. Qg2 Qxd4+ 25. Kh2 0-1

[Event "Oberpfalz-ch M2"]
[Site "Roding"]
[Date "2010.03.27"]
[Round "1"]
[White "Blodig, Constantin"]
[Black "Weiss, Monika"]
[Result "0-1"]
[WhiteElo "1729"]
[BlackElo "1489"]
[PlyCount "74"]
[EventDate "2010.03.27"]
[EventType "swiss"]
[EventRounds "8"]
[EventCountry "GER"]
[SourceTitle "EXT 2012"]
[Source "ChessBase"]
[SourceDate "2011.11.24"]
[SourceVersion "1"]
[SourceVersionDate "2011.11.24"]
[SourceQuality "1"]

1. e4 d6 2. d4 Nf6 3. Bd3 g6 4. Nf3 Bg7 5. 0-0 0-0 6. Bf4 c6 7. c4 Nh5 8. Be3 e5 9. d5 c5 10. Nc3 f5 11. exf5 Bxf5 12. Bxf5 Rxf5 13. g4 Rxf3 14. Qxf3 Nf4 15. Bxf4 exf4 16. Qxf4 Be5 17. Qe4 Qh4 18. Qg2 Nd7 19. f4 Bd4+ 20. Kh1 Re8 21. Nb5 Re3 22. Rad1 Nf6 23. Nxd4 cxd4 24. Rf3 Rxf3 25. Qxf3 Nxg4 26. h3 Nf2+ 27. Kg2 Nxd1 28. Qxd1 Qxf4 29. Qb3 Qe4+ 30. Kf2 d3 31. Qxb7 d2 32. Qc8+ Kg7 33. Qd7+ Kh6 34. Qxd6 d1Q 35. Qf8+ Kh5 36. Qf7 Qde2+ 37. Kg3 Q2g2# 0-1

[Event "Bayern-ch (Women) 80th"]
[Site "Immenstadt"]
[Date "2009.08.25"]
[Round "4"]
[White "Weiss, Monika"]
[Black "Stegmaier, Erika"]
[Result "1/2-1/2"]
[WhiteElo "1486"]
[BlackElo "1469"]
[PlyCount "49"]
[EventDate "2009.08.22"]
[EventType "swiss"]
[EventRounds "9"]
[EventCountry "GER"]
[SourceTitle "EXT 2015"]
[Source "ChessBase"]
[SourceDate "2014.11.20"]
[SourceVersion "1"]
[SourceVersionDate "2014.11.20"]
[SourceQuality "1"]

1. e4 c5 2. c3 Nc6 3. d4 cxd4 4. cxd4 e6 5. d5 exd5 6. exd5 Bb4+ 7. Nc3 Na5 8. a3 Bxc3+ 9. bxc3 d6 10. Nf3 Nf6 11. Qe2+ Qe7 12. Qxe7+ Kxe7 13. Bg5 h6 14. Bxf6+ Kxf6 15. Nd4 Re8+ 16. Be2 Re5 17. c4 Nxc4 18. 0-0 Nb6 19. Bf3 Nxd5 20. Nb5 Ke7 21. Bxd5 Bd7 22. Bxb7 Rb8 23. Nxd6 Kxd6 24. Rfd1+ Ke7 25. Bf3 1/2-1/2

[Event "Bayern-ch (Women) 80th"]
[Site "Immenstadt"]
[Date "2009.08.24"]
[Round "3"]
[White "Lorenz, Oda"]
[Black "Weiss, Monika"]
[Result "1-0"]
[WhiteElo "1700"]
[BlackElo "1486"]
[PlyCount "99"]
[EventDate "2009.08.22"]
[EventType "swiss"]
[EventRounds "9"]
[EventCountry "GER"]
[SourceTitle "EXT 2015"]
[Source "ChessBase"]
[SourceDate "2014.11.20"]
[SourceVersion "1"]
[SourceVersionDate "2014.11.20"]
[SourceQuality "1"]

1. e4 c5 2. d4 cxd4 3. c3 dxc3 4. Nxc3 Nc6 5. Nf3 d6 6. Bc4 Nf6 7. e5 dxe5 8. Qxd8+ Nxd8 9. Nb5 Nc6 10. Nc7+ Kd8 11. Nxa8 Bg4 12. Ng5 Nd4 13. 0-0 Bh5 14. Bd2 Kc8 15. Bxf7 Kb8 16. Bxh5 Nxh5 17. Nf7 Rg8 18. Rac1 Ne2+ 19. Kh1 Nxc1 20. Rxc1 e6 21. Nc7 Nf4 22. Bxf4 exf4 23. Nxe6 Be7 24. Ne5 Bd6 25. Nd7+ Ka8 26. Nxg7 b6 27. Nf5 Rg6 28. g3 fxg3 29. hxg3 Kb7 30. Rc2 Bc7 31. Kg2 Re6 32. Ne3 Bd6 33. Nc4 Bc7 34. Nf8 Re7 35. Rd2 Kc8 36. f4 b5 37. Na3 a6 38. Kf3 Bb6 39. Re2 Rf7 40. Ne6 h6 41. Rc2+ Kd7 42. Nc5+ Bxc5 43. Rxc5 Ke6 44. Rh5 Rf6 45. Nc2 Ke7 46. Ne3 Kf7 47. Rf5 Kg6 48. Rxf6+ Kxf6 49. Nd5+ Kg6 50. Nc7 1-0

[Event "Bayern-ch (Women) 79th"]
[Site "Bad Neustadt/Saale"]
[Date "2008.09.04"]
[Round "7"]
[White "Weiss, Monika"]
[Black "Hartlaub, Marianne"]
[Result "0-1"]
[WhiteElo "1656"]
[BlackElo "1731"]
[PlyCount "116"]
[EventDate "2008.08.30"]
[EventType "tourn"]
[EventRounds "9"]
[EventCountry "GER"]
[SourceTitle "EXT 2015"]
[Source "ChessBase"]
[SourceDate "2014.11.20"]
[SourceVersion "1"]
[SourceVersionDate "2014.11.20"]
[SourceQuality "1"]

1. e4 d6 2. d4 Nf6 3. Bd3 e5 4. d5 c6 5. c4 a6 6. Nc3 Be7 7. Nf3 Bg4 8. h3 Bxf3 9. Qxf3 0-0 10. Be3 cxd5 11. exd5 Nbd7 12. 0-0 Rc8 13. Ne4 Nxe4 14. Qxe4 f5 15. Qf3 e4 16. Bxe4 fxe4 17. Qxe4 Bf6 18. Rab1 Nc5 19. Qc2 b5 20. b3 Re8 21. Rfe1 Ne4 22. Bf4 Nc3 23. Rbc1 Rxe1+ 24. Rxe1 Nxd5 25. Qe4 Nxf4 26. Qxf4 Be5 27. Qe4 Rc5 28. f4 Bc3 29. Qe6+ Kf8 30. Rd1 Qb6 31. Kh2 Rc6 32. cxb5 axb5 33. Qf5+ Bf6 34. Qxh7 Qf2 35. Qe4 Ra6 36. Qb7 Qxf4+ 37. Kh1 Rxa2 38. Qxb5 Be5 39. Qb8+ Kf7 40. Qb7+ Kf6 41. Qf3 Qxf3 42. gxf3 g5 43. Kg1 Bh2+ 44. Kf1 Rb2 45. Rd3 Kf5 46. Re3 Be5 47. Ke1 Kf4 48. Rd3 Kg3 49. Kf1 Bf4 50. Ke1 Kxh3 51. Kd1 Kg2 52. Rc3 Rf2 53. b4 Rxf3 54. Rxf3 Kxf3 55. b5 d5 56. b6 g4 57. b7 g3 58. Ke1 g2 0-1

[Event "Oberpfalz-ch M3"]
[Site "Kareth Lappersdorf"]
[Date "2008.03.18"]
[Round "8"]
[White "Weiss, Monika"]
[Black "Kaiser, Dominik"]
[Result "1/2-1/2"]
[WhiteElo "1389"]
[BlackElo "1121"]
[PlyCount "59"]
[EventDate "2008.03.15"]
[EventType "swiss"]
[EventRounds "8"]
[EventCountry "GER"]
[SourceTitle "EXT 2022"]
[Source "ChessBase"]
[SourceDate "2021.10.06"]
[SourceVersion "1"]
[SourceVersionDate "2021.10.06"]
[SourceQuality "1"]

1. e4 d5 2. exd5 Qxd5 3. Nc3 Qa5 4. Nf3 Nf6 5. Be2 Bf5 6. 0-0 Nbd7 7. Nh4 Bg6 8. Nxg6 hxg6 9. d4 e6 10. Bf3 c6 11. Re1 0-0-0 12. Ne4 Nxe4 13. Rxe4 Qc7 14. g3 Nf6 15. Re2 c5 16. Bf4 Bd6 17. Bxd6 Qxd6 18. Rd2 cxd4 19. c3 e5 20. cxd4 exd4 21. Qb3 Qe7 22. Rad1 Rd7 23. Rxd4 Rxd4 24. Rxd4 Qe1+ 25. Kg2 Rxh2+ 26. Kxh2 Qxf2+ 27. Kh3 Qxd4 28. Bxb7+ Kd8 29. Qxf7 Qg4+ 30. Kg2 1/2-1/2

[Event "Oberpfalz-ch M3"]
[Site "Kareth Lappersdorf"]
[Date "2008.03.17"]
[Round "6"]
[White "Weiss, Monika"]
[Black "Fischer, Manfred1111"]
[Result "1/2-1/2"]
[WhiteElo "1389"]
[BlackElo "1553"]
[PlyCount "111"]
[EventDate "2008.03.15"]
[EventType "swiss"]
[EventRounds "8"]
[EventCountry "GER"]
[SourceTitle "EXT 2022"]
[Source "ChessBase"]
[SourceDate "2021.10.06"]
[SourceVersion "1"]
[SourceVersionDate "2021.10.06"]
[SourceQuality "1"]

1. e4 d6 2. d4 Nf6 3. Bd3 e5 4. d5 Be7 5. c4 0-0 6. Nc3 Bg4 7. f3 Bd7 8. Nge2 c6 9. 0-0 Na6 10. Be3 Nb4 11. Bb1 h6 12. a3 Na6 13. b4 Nh7 14. Bd3 Nc7 15. f4 exf4 16. Nxf4 Bf6 17. Rc1 Be5 18. Be2 Nf6 19. Bd4 Qe7 20. Nh5 Nce8 21. Bxe5 Qxe5 22. Ng3 g6 23. Qd2 Kg7 24. Qf4 Qxf4 25. Rxf4 h5 26. Nf1 Ng4 27. h3 Ne5 28. Ne3 Nf6 29. Rcf1 Nh7 30. h4 f6 31. g4 hxg4 32. Nxg4 Bxg4 33. Bxg4 Nxc4 34. Be2 Ne5 35. h5 gxh5 36. Bxh5 Ng5 37. Kg2 Ng6 38. Bxg6 Kxg6 39. Ne2 Rae8 40. Ng3 cxd5 41. exd5 Re5 42. Rf5 Rxf5 43. Nxf5 Ne4 44. Rf4 Re8 45. Kf3 Ng5+ 46. Kg4 Rd8 47. Rc4 Rd7 48. Rf4 Nh7 49. Re4 Rc7 50. Nxd6 Rd7 51. Nf5 Kf7 52. d6 Ng5 53. Re7+ Rxe7 54. dxe7 Ne6 55. Kf3 Nc7 56. Nd6+ 1/2-1/2

[Event "Oberpfalz-ch M3"]
[Site "Kareth Lappersdorf"]
[Date "2008.03.15"]
[Round "1"]
[White "Achhammer, Michael"]
[Black "Weiss, Monika"]
[Result "0-1"]
[WhiteElo "1180"]
[BlackElo "1389"]
[PlyCount "55"]
[EventDate "2008.03.15"]
[EventType "swiss"]
[EventRounds "8"]
[EventCountry "GER"]
[SourceTitle "EXT 2022"]
[Source "ChessBase"]
[SourceDate "2021.10.06"]
[SourceVersion "1"]
[SourceVersionDate "2021.10.06"]
[SourceQuality "1"]

1. e4 d6 2. f4 Nf6 3. Nc3 g6 4. d4 Bg7 5. Nf3 0-0 6. Be3 c6 7. Qd2 Qc7 8. 0-0-0 Ng4 9. Bg1 Nd7 10. h3 Ngf6 11. g4 e5 12. dxe5 dxe5 13. f5 b5 14. Nb1 Nxe4 15. Qb4 Bh6+ 16. Nbd2 Ndf6 17. Bd3 Nxd2 18. Nxd2 Nd5 19. Qc5 Re8 20. Be4 Bf8 21. Qf2 a5 22. Qf3 Bb7 23. Nb3 Rad8 24. Bc5 a4 25. Bxf8 axb3 26. Ba3 bxa2 27. Kd2 Nf4+ 28. Ke3 0-1

[Event "Oberpfalz-ch M3"]
[Site "Windischeschenbach"]
[Date "2007.04.03"]
[Round "8"]
[White "Peutler, Mario"]
[Black "Weiss, Monika"]
[Result "1/2-1/2"]
[WhiteElo "1396"]
[BlackElo "1431"]
[PlyCount "33"]
[EventDate "2007.03.31"]
[EventType "swiss"]
[EventRounds "8"]
[EventCountry "GER"]
[SourceTitle "EXT 2022"]
[Source "ChessBase"]
[SourceDate "2021.10.06"]
[SourceVersion "1"]
[SourceVersionDate "2021.10.06"]
[SourceQuality "1"]

1. c4 e5 2. Nc3 Bb4 3. g3 Bxc3 4. bxc3 d6 5. Bg2 f5 6. d3 Nf6 7. Nf3 0-0 8. 0-0 c5 9. Be3 Nc6 10. Qc2 Qc7 11. Rfb1 h6 12. d4 e4 13. Nd2 Ng4 14. Nb3 Nxe3 15. fxe3 b6 16. Nd2 Na5 17. Qa4 1/2-1/2

[Event "Oberpfalz-ch M3"]
[Site "Windischeschenbach"]
[Date "2007.03.31"]
[Round "2"]
[White "Arnold, Sebastian"]
[Black "Weiss, Monika"]
[Result "1/2-1/2"]
[WhiteElo "1255"]
[BlackElo "1431"]
[PlyCount "43"]
[EventDate "2007.03.31"]
[EventType "swiss"]
[EventRounds "8"]
[EventCountry "GER"]
[SourceTitle "EXT 2022"]
[Source "ChessBase"]
[SourceDate "2021.10.06"]
[SourceVersion "1"]
[SourceVersionDate "2021.10.06"]
[SourceQuality "1"]

1. e4 d6 2. d4 Nf6 3. Nc3 g6 4. Nf3 Bg7 5. Bc4 0-0 6. Be3 c6 7. Bb3 b5 8. Qd3 Bg4 9. Nd2 Qc7 10. f3 Bd7 11. 0-0 a6 12. Ne2 c5 13. dxc5 dxc5 14. c4 b4 15. Nf4 a5 16. Rab1 a4 17. Bc2 Ra6 18. Rfd1 Rb6 19. Nd5 Nxd5 20. cxd5 e6 21. dxe6 Bxe6 22. Nc4 1/2-1/2

[Event "Bayern-ch (Women) 77th"]
[Site "Bad Woerishofen"]
[Date "2006.08.31"]
[Round "7"]
[White "Roos, Karin"]
[Black "Weiss, Monika"]
[Result "1/2-1/2"]
[WhiteElo "1678"]
[BlackElo "1431"]
[PlyCount "111"]
[EventDate "2006.08.26"]
[EventType "swiss"]
[EventRounds "9"]
[EventCountry "GER"]
[SourceTitle "EXT 2007"]
[Source "ChessBase"]
[SourceDate "2006.11.23"]
[SourceVersion "1"]
[SourceVersionDate "2006.11.23"]
[SourceQuality "1"]

1. e4 d6 2. Nf3 Nf6 3. Nc3 c5 4. d4 cxd4 5. Nxd4 a6 6. Bc4 Nbd7 7. 0-0 Qc7 8. Bb3 Nc5 9. Re1 e5 10. Nf5 Bxf5 11. exf5 Nxb3 12. axb3 Be7 13. Bg5 0-0 14. Bxf6 Bxf6 15. Nd5 Qd8 16. Ra4 Rc8 17. Rc4 Rxc4 18. bxc4 g6 19. fxg6 fxg6 20. b4 Qc8 21. Re4 Qe6 22. f3 Bd8 23. Qd2 g5 24. b5 Rf7 25. b6 h6 26. Qa5 Qc8 27. c5 Qc6 28. cxd6 Qxd6 29. c4 Rg7 30. Ne3 Bxb6 31. Qd5+ Qxd5 32. cxd5 Bd4 33. Kf1 Rd7 34. Nf5 Ba1 35. Ke2 Kh7 36. d6 Kg6 37. g4 h5 38. Rc4 hxg4 39. fxg4 Kf6 40. Rc8 Ke6 41. Re8+ Kd5 42. Rg8 e4 43. Rxg5 Be5 44. h4 Bxd6 45. h5 Bf4 46. Rg6 Ke5 47. h6 Rd2+ 48. Ke1 Rh2 49. Rb6 e3 50. Rxb7 Bxh6 51. Rb6 Bf4 52. Rxa6 Ke4 53. Ra4+ Kf3 54. Nxe3 Bxe3 55. Kd1 Rd2+ 56. Ke1 1/2-1/2